Responses for show #4590 - Friday, July 16, 2004

Ken Jennings game 33.

Contestants

[<< previous game]

Frank McNeil, a facilities management specialist from Louisville, Kentucky

Mary McCarthy, a homemaker from Las Vegas, Nevada

Ken Jennings, a software engineer from Salt Lake City, Utah (whose 32-day cash winnings total $1,050,460)

[next game >>]

Jeopardy! Round responses

AMERICAN WRITERS
IT'S A TEAM THING
NOT NO. 1
POPULATIONS
WHIRLED CAPITALS
(Alex: We'll have anagrams for you.)
THE ANATOMY OF EVEL
    $200 1
(F. Scott) Fitzgerald

Ken
    $200 22
Cincinnati Reds

Ken
    $200 12
Pope

Ken
    $200 17
(Ken: What is the Vatican City?)

Monaco

KenFrank
    $200 6
Bogota

Ken
    $200 9
arms

Ken
    $400 2
(Frank: Who was Eugene O'Neill?)

Neil Simon

Frank
Triple Stumper
    $400 23
the Terrapins

Frank
    $400 13
Saudi Arabia

Ken
    $400 21
New Jersey

Ken
    $400 7
Madrid

Ken
    $400 26
the femur

Ken
    $600 3
Joyce Kilmer

Ken
    $600 24
the Milwaukee Bucks

Ken
    $600 14
(Ken: Who was Paavo Nurmi?)
(Alex: Yes, this was a swimming competition, not running.)

Johnny Weissmuller

KenFrank
    $600 18
(Frank: What is Kansas?)
(Mary: What is Michigan?)
(Ken: What is Iowa?)
(Alex: No harm, no foul, you each lost the same amount of money.)

Missouri

KenMaryFrank
Triple Stumper
    $600 8
Ottawa

Frank
    $600 28
his skull

Ken
    $800 4
Amy Tan

Ken
    $800 25
China

Frank
    $800 15
Mount Godwin Austen

Ken
    $800 19
Luxembourg

Ken
    $800 10
Canberra

Ken
    $800 29
the clavicle

Frank
    $1000 5
(James) Michener

Ken
    $1000 27
the San Diego Chargers

Ken
    $1000 16
(Ken: I love Nancy Drew.)

staircase

Ken
    $3,000 20
(Alex: You have $7,000 and you are going to risk...?)
(Ken: I'm going to risk $3,000, Alex.)
(Alex: Of course you are. Even the audience knows by now what you're going to do.)

the Kurds

Ken
    $1000 11
New Delhi

Ken
    $1000 30
the liver

Mary

Scores at the first commercial break (after clue 10):

Ken Mary Frank
$4,200 $0 $200

Scores at the end of the Jeopardy! Round:

Ken Mary Frank
$13,200 $400 $2,400

Double Jeopardy! Round responses

THE TOWER
THE HANGED MAN
THE MAGICIAN
WANDS, CUPS, SWORDS, PENTACLES
THE LOVERS
"DEATH"
    $400 15
Sears Tower

Frank
    $400 17
Nathan Hale

Ken
    $400 22
Abracadabra

Ken
    $400 26
the Holy Grail

Ken
    $400 6
50 First Dates

Frank
    $400 1
Death Valley

Ken
    $800 7
Tower of Babel

Ken
    $800 18
Tojo

Frank
    $800 23
(The Amazing) Randi

Ken
    $800 27
rapier

Ken
    $800 8
American Wedding

Ken
    $800 2
"Give me liberty or give me death"

Ken
    $1200 11
CN Tower

Ken
    $1200 19
Abe Lincoln

Ken
    $1200 24
cutting a body in half

Mary
    $1200 28
Freemasons

Ken
    $1200 9
An Affair to Remember

Ken
    $1200 3
(Frank: What's a scarab?)

death watch beetles

Frank
Triple Stumper
    $4,200 13
(Ken: I'll wager $4,200, Alex.)
(Alex: 42?)
(Ken: 42.)
(Alex: I thought you'd've gone for...well, 42 sounds good. Alright. I'll let you wager 42.)
(Ken: Thanks, man.)

the Eiffel Tower

Ken
    $1600 20
William Wallace

Mary
    $1600 16
(Frank: What is diversion?)
(Alex: Diversion, no, it's not called that.)

misdirection

KenFrank
    $6,200 29
conductor's baton

Ken
    $1600 10
Brad Pitt

Frank
    $1600 4
(Ken: What's the deadly nightshade...that's not right.)

death cap mushroom

Ken
Triple Stumper
    $2000 14
Devil's Tower

Ken
    $2000 21
Girolamo Savonarola

Triple Stumper
    $2000 25
zigzag lady

Triple Stumper
    $2000 30
claymore

Frank
    $2000 12
Sabrina

Ken
    $2000 5
the Angel of Death

Ken

Scores at the end of the Double Jeopardy! Round:

Ken Mary Frank
$40,000 $3,200 $4,800
(lock game)

[wagering suggestions for these scores]

Final Jeopardy! Round responses

FOOD
(Alex: We all love food.)
(Alex: The house of Orange.)
MaryWhat is the carrot?
$3,100
FrankWhat is orange?
$1,601
KenWhat is the carrot?
$10,000
the carrot

Final scores:

Ken Mary Frank
$50,000 $6,300 $3,199
33-day champion: $1,100,460 2nd place: $2,000 3rd place: $1,000

Game dynamics:

Coryat scores:

Ken Mary Frank
$30,800 $3,200 $4,800
40 R
(including 3 DDs),
4 W
3 R,
1 W
11 R,
4 W

Combined Coryat: $38,800

The J! Archive is created by fans, for fans. The Jeopardy! game show and all elements thereof, including but not limited to copyright and trademark thereto, are the property of Jeopardy Productions, Inc. and are protected under law. This website is not affiliated with, sponsored by, or operated by Jeopardy Productions, Inc. Join the discussion at JBoard.tv.